000 00906nam a2200301Ia 4500
001 Z_3651
003 CHAP
008 220113s1982 xx 000 0 und d
010 _a166733
040 _cCHAP
082 _a636.3085 O73
100 _aOrcasberro, Ruy
_983403
245 _aLos forrajes en la alimentación de ovinos /
_cRuy Orcasberro y Salvador Fernández Rivera
260 _aMéxico :
_bUACh, Departamento de Zootecnia,
_c1982
300 _a96 p.
503 _aej.1- ej.6 \ ej.5: Perdido
504 _aIncluye bibliografía
650 _aForrajes
_xValor nutritivo
_942601
650 _aGanado lanar
_xNutrición
_945205
700 _aFernández Rivera, Salvador, coaut.
_9140852
710 _aUniversidad Autónoma Chapingo (Méxcio), Departamento de Zootecnia
_9140853
901 _a636.3085 O73
902 _aM
910 _a1982
942 _c1
942 _cc1
999 _c166733
_d166733